Strategie zajišťování států jihovýchodní Asie

Teoretický koncept zaistenia na príklade zahranično-politickej stratégie Filipín, Malajzie a Vietnamu v období od skončenia studenej vojny do súčasnosti.

Gespeichert in:
Bibliographische Detailangaben
1. Verfasser: Hlaváček, Pavel
Format: Buchkapitel
Sprache:Tschechisch
Schlagworte:
Tags: Tag hinzufügen
Keine Tags, Fügen Sie das erste Tag hinzu!

MARC

LEADER 00000naa a2200000 4500
001 0226392
005 20231208080110.0
041 0 |a cze 
044 |a CZ 
245 1 0 |a Strategie zajišťování států jihovýchodní Asie  |c Pavel Hlaváček 
520 |a Teoretický koncept zaistenia na príklade zahranično-politickej stratégie Filipín, Malajzie a Vietnamu v období od skončenia studenej vojny do súčasnosti. 
610 2 0 |a hedging 
610 2 0 |a Filipíny 
610 2 0 |a Malajzia 
610 2 0 |a Vietnam 
610 2 0 |a Čína 
610 2 0 |a juhovýchodná Ázia 
610 2 0 |a politika zahraničná 
100 1 |a Hlaváček, Pavel